The economics of imperfect competition : (Record no. 15147)

000 -LEADER
fixed length control field 00789cam a2200241 a 4500
020 ## - INTERNATIONAL STANDARD BOOK NUMBER
ISBN 0521305527
020 ## - INTERNATIONAL STANDARD BOOK NUMBER
ISBN 0521315646 (pbk.)
040 ## - CATALOGING SOURCE
Transcribing agency DLC
082 00 - DEWEY DECIMAL CLASSIFICATION NUMBER
Classification number 338 CAM 1987 A073 Or.
100 1# - MAIN ENTRY--AUTHOR NAME
Personal name Greenhut, Melvin L.
245 14 - TITLE STATEMENT
Title The economics of imperfect competition :
Remainder of title a spatial approach /
260 ## - PUBLICATION, DISTRIBUTION, ETC. (IMPRINT)
Place of publication Cambridge [Cambridgeshire] ;
-- New York :
Name of publisher Cambridge University Press,
Year of publication 1987.
300 ## - PHYSICAL DESCRIPTION
Number of Pages xix, 408 p. :
Other physical details ill. ;
Dimensions 24 cm.
500 ## - GENERAL NOTE
General note Includes indexes.
650 #0 - SUBJECT ADDED ENTRY--TOPICAL TERM
Topical Term Competition, Imperfect.
650 #0 - SUBJECT ADDED ENTRY--TOPICAL TERM
Topical Term Space in economics.
650 #0 - SUBJECT ADDED ENTRY--TOPICAL TERM
Topical Term Pricing.
700 1# - ADDED ENTRY--PERSONAL NAME
Personal name Norman, George,
700 1# - ADDED ENTRY--PERSONAL NAME
Personal name Hung, Chao-shun,
856 42 - ELECTRONIC LOCATION AND ACCESS
Uniform Resource Identifier http://www.loc.gov/catdir/description/cam023/86011707.html
856 41 - ELECTRONIC LOCATION AND ACCESS
Uniform Resource Identifier http://www.loc.gov/catdir/toc/cam025/86011707.html
942 ## - ADDED ENTRY ELEMENTS (KOHA)
Koha item type សៀវភៅភាសាអង់គ្លេស
952 ## - LOCATION AND ITEM INFORMATION (KOHA)
Withdrawn status [LOCAL, KOHA] 0
Holdings
Permanent Location Date acquired Koha item type Lost status Shelving location Barcode Current Location Full call number
Library Block A2017-11-11សៀវភៅភាសាអង់គ្លេស A073A07486Library Block A338 CAM 1987 A073 Or.
មជ្ឈមណ្ឌលឯការនៃសាកលវិទ្យាល័យភូមិន្ទកសិកម្មចំការដូង

Powered by Koha